Jogadores Com Mais Golos na Liga Portugal - Statistics

Estatísticas Gerais
  • Esse quiz foi jogado 28 vezes
  • A pontuação média é 2 de 10
Estatísticas das Respostas
Golos Jogador % Correto
318 Eusébio
100%
318 Fernando Gomes
33%
243 Manuel Fernandes
21%
332 Fernando Peyroteo
17%
262 Nené
17%
219 Matateu
13%
291 José Águas
8%
204 Adolfo Albino
0%
215 Arsenio Duarte
0%
218 José Augusto Torres
0%
Nenhum quiz correspondente encontrado
Distribuição das Pontuações
Porcentagem de Pessoas com Cada Pontuação
Percentil de Números Respondidos
Sua Pontuação Histórica
Você não jogou esse quiz